000 00401cam a2200169ua 4500
020 _cRs. 1.25
041 _amal
_h
082 _a894.812
_bKUT/KE
100 _aKuttikrishna menon, V . M .
245 _aKeralathile natanakala
260 _aThrissur :
_bThe Mangalodayam Pvt Ltd ,
_c1957.
300 _a92 ; .
365 _aRs. 1.25
504 _a
942 _cBK
999 _c1232
_d1232